Đánh giá hiệu quả kinh tế và kỹ thuật của các giải pháp xử lý nước thải ao nuôi cá tra hiện đang áp dụng tại tỉnh An Giang : Luận văn Thạc sĩ Khoa học. Chuyên ngành: Khoa học Môi trường

Đề tài xác định giải pháp kỹ thuật và kinh tế hợp lý cho xử lý nước thải từ hoạt động nuôi trồng thuỷ sản tỉnh An Giang. Và đề xuất khuyến cáo nhân rộng mô hình xử lý nước thải ao nuôi cá tra phù hợp điều kiện tỉnh An Giang....

詳細記述

保存先:
書誌詳細
第一著者: Hoàng, Thị Thanh Thuỷ
フォーマット: 図書
言語:Undetermined
出版事項: Cần Thơ Trường Đại học Cần Thơ 2010
主題:
タグ: タグ追加
タグなし, このレコードへの初めてのタグを付けませんか!
Thư viện lưu trữ: Trung tâm Học liệu Trường Đại học Cần Thơ
LEADER 01352nam a2200229Ia 4500
001 CTU_162104
008 210402s9999 xx 000 0 und d
082 |a 628.3 
082 |b Th523 
088 |a 60440301 
100 |a Hoàng, Thị Thanh Thuỷ 
245 0 |a Đánh giá hiệu quả kinh tế và kỹ thuật của các giải pháp xử lý nước thải ao nuôi cá tra hiện đang áp dụng tại tỉnh An Giang : 
245 0 |b Luận văn Thạc sĩ Khoa học. Chuyên ngành: Khoa học Môi trường 
245 0 |c Hoàng Thị Thanh Thuỷ; Lê Anh Tuấn ( Hướng dẫn Khoa học ) 
260 |a Cần Thơ 
260 |b Trường Đại học Cần Thơ 
260 |c 2010 
520 |a Đề tài xác định giải pháp kỹ thuật và kinh tế hợp lý cho xử lý nước thải từ hoạt động nuôi trồng thuỷ sản tỉnh An Giang. Và đề xuất khuyến cáo nhân rộng mô hình xử lý nước thải ao nuôi cá tra phù hợp điều kiện tỉnh An Giang. 
650 |a Sewage,Sanitary engineering,Nước thải,Kỹ thuật xử lý 
650 |x Purification,Sự lọc sạch 
904 |i NThơ, Nhớ 
980 |a Trung tâm Học liệu Trường Đại học Cần Thơ